[Event "4NCL Online Division 4"]
[Site "online"]
[Date "2021.11.16"]
[EventDate "2021.11.16"]
[Round "7.111"]
[White "New, David"]
[WhiteElo "1193"]
[WhiteTeam "Phones Pals B"]
[Black "Smith, Mark"]
[BlackElo "1753"]
[BlackTeam "Shropshire and Friends 4"]
[Result "0-1"]
[PlyCount "145"]


1. d4 Nf6 2. Bf4 g6 3. Nc3 d5 4. Nb5 Na6 5. Nf3 c6 6. Nc3 Nc7 7. e3 Bg7 8. h3 O-O 9. Be2 Ne6 10. Bh2 c5 11. O-O cxd4 12. exd4 Ne4 13. Qd3 Nxc3 14. Qxc3 Qb6 15. Rfd1 Bd7 16. Qd2 Rac8 17. c3 Bb5 18. Re1 Rfe8 19. Ne5 Nd8 20. Bf3 e6 21. h4 Nc6 22. h5 Nxe5 23. Bxe5 f6 24. Bh2 g5 25. Be2 Bxe2 26. Rxe2 h6 27. Rae1 Rc6 28. g4 Qa6 29. a3 b6 30. Qc2 Qc8 31. Qg6 e5 32. dxe5 fxe5 33. Qd3 Qxg4+ 34. Bg3 d4 35. cxd4 Qxh5 36. Qb3+ Qf7 37. Qxf7+ Kxf7 38. Bxe5 Rce6 39. Kf1 Bxe5 40. Rxe5 Rxe5 41. dxe5 Kg6 42. Rd1 Rxe5 43. Rd7 Rb5 44. Rxa7 Rxb2 45. Ra6 Kf5 46. Ra4 h5 47. Kg2 Rb3 48. Kf1 h4 49. Kg2 g4 50. Ra8 h3+ 51. Kh2 Ke4 52. Ra4+ Kf3 53. Ra8 Kxf2 54. Rf8+ Ke1 55. Re8+ Kd2 56. Rb8 Kc3 57. Rg8 Rxa3 58. Rxg4 b5 59. Kxh3 b4 60. Rg8 b3 61. Rc8+ Kb2 62. Kg2 Kb1 63. Kf1 b2 64. Ke1 Ka1 65. Rb8 b1=Q+ 66. Rxb1+ Kxb1 67. Kd2 Kb2 68. Ke2 Kc2 69. Ke1 Kd3 70. Kf2 Ke4 71. Kg2 Kf4 72. Kh1 Kg3 73. Kg1 Ra1# 0-1

[Event "4NCL Online Division 4"]
[Site "online"]
[Date "2021.11.16"]
[EventDate "2021.11.16"]
[Round "7.112"]
[White "Penny, Liam"]
[WhiteElo "1731"]
[WhiteTeam "Shropshire and Friends 4"]
[Black "Suyal, Nivedita"]
[BlackElo "1072"]
[BlackTeam "Phones Pals B"]
[Result "1-0"]
[PlyCount "71"]

1. d4 d5 2. Nc3 Nf6 3. Bf4 a6 4. e3 Nc6 5. Bd3 h6 6. a3 e6 7. Nf3 Bd6 8. Ne5 Bxe5 9. dxe5 Nd7 10. Qg4 g5 11. Bg3 Ndxe5 12. Qh5 Qf6 13. O-O-O Bd7 14. f4 Nxd3+ 15. Rxd3 gxf4 16. Rf1 O-O-O 17. Rxf4 Qg6 18. Qe2 Rhf8 19. e4 dxe4 20. Nxe4 e5 21. Rf6 Qh7 22. Qe3 h5 23. Ng5 Qg7 24. Ne4 Be6 25. Rc3 Bd5 26. Rfxc6 Bxc6 27. Rxc6 bxc6 28. Qa7 Qh6+ 29. Kb1 Rd1+ 30. Ka2 Qe6+ 31. b3 Qh6 32. Bxe5 Kd8 33. Qxc7+ Ke8 34. Nf6+ Qxf6 35. Bxf6 Rg8 36. Qe7# 1-0

[Event "4NCL Online Division 4"]
[Site "online"]
[Date "2021.11.16"]
[EventDate "2021.11.16"]
[Round "7.113"]
[White "Benson, Alice"]
[WhiteElo "740"]
[WhiteTeam "Phones Pals B"]
[Black "Hilditch-Love, Daniel"]
[BlackElo "1704"]
[BlackTeam "Shropshire and Friends 4"]
[Result "1/2-1/2"]
[PlyCount "53"]

1. e4 Nc6 2. d4 d5 3. e5 Bf5 4. Nf3 e6 5. c3 f6 6. Bb5 a6 7. Bxc6+ bxc6 8. Nh4 Bg6 9. Nxg6 hxg6 10. Qg4 Kf7 11. h4 c5 12. h5 gxh5 13. Rxh5 Rxh5 14. Qxh5+ g6 15. Qh7+ Bg7 16. Nd2 Nh6 17. Nf3 Qh8 18. Qxh8 Rxh8 19. Bxh6 Rxh6 20. Kd2 fxe5 21. Nxe5+ Bxe5 22. dxe5 Rh2 23. Rg1 Rh5 24. Re1 Rh2 25. Rg1 Rh5 26. Re1 Rh2 27. Rg1 1/2-1/2

[Event "4NCL Online Division 4"]
[Site "online"]
[Date "2021.11.16"]
[EventDate "2021.11.16"]
[Round "7.114"]
[White "Nield, Robert C"]
[WhiteElo "1700"]
[WhiteTeam "Shropshire and Friends 4"]
[Black "Srivastava, Aditya"]
[BlackElo "654"]
[BlackTeam "Phones Pals B"]
[Result "1/2-1/2"]
[PlyCount "43"]

1. d4 d5 2. c4 e6 3. Nf3 Nf6 4. Nc3 Be7 5. Bf4 O-O 6. e3 b6 7. Bd3 Nbd7 8. cxd5 Nxd5 9. Nxd5 exd5 10. Qc2 Nf6 11. Bxc7 Bb4+ 12. Nd2 Qe7 13. Be5 Bxd2+ 14. Qxd2 Ne4 15. Bxe4 dxe4 16. O-O Ba6 17. Rfc1 Rac8 18. Rxc8 Rxc8 19. Rc1 f6 20. Rxc8+ Bxc8 21. Qc2 Be6 22. Bg3 1/2-1/2

[Event "4NCL Online Division 4"]
[Site "online"]
[Date "2021.11.16"]
[EventDate "2021.11.16"]
[Round "7.121"]
[White "Oates, Thomas"]
[WhiteElo "1670"]
[WhiteTeam "Cornish Pirates"]
[Black "Pettinger, Martin"]
[BlackElo "1759"]
[BlackTeam "Ashfield Anonymous C"]
[Result "0-1"]
[PlyCount "34"]

1. d4 Nf6 2. c4 c5 3. d5 b5 4. cxb5 a6 5. e3 e6 6. Nc3 axb5 7. Bxb5 Qb6 8. a4 Ba6 9. Qd3 Nxd5 10. Nxd5 exd5 11. Qxd5 Bxb5 12. Qxa8 Bc6 13. a5 Qb4+ 14. Bd2 Qxb2 15. Ra2 Qb1+ 16. Bc1 Qxc1+ 17. Ke2 Qc4+ 0-1

[Event "4NCL Online Division 4"]
[Site "online"]
[Date "2021.11.16"]
[EventDate "2021.11.16"]
[Round "7.122"]
[White "Morgan, Philip D"]
[WhiteElo "1786"]
[WhiteTeam "Ashfield Anonymous C"]
[Black "Smith, Richard AL"]
[BlackElo "1698"]
[BlackTeam "Cornish Pirates"]
[Result "1/2-1/2"]
[PlyCount "49"]

1. e4 e5 2. Bc4 f5 3. d3 Nf6 4. Nc3 Nc6 5. Nf3 d6 6. O-O Na5 7. Re1 Nxc4 8. dxc4 f4 9. b3 Bg4 10. Qe2 Be7 11. Rd1 Qc8 12. Nd5 Bd8 13. Qd3 O-O 14. Bb2 Kh8 15. Rd2 Nxd5 16. cxd5 Bxf3 17. Qxf3 Bg5 18. c4 Bh6 19. c5 Rf6 20. cxd6 cxd6 21. Rc1 Qg8 22. Rdc2 g5 23. Qg4 Rff8 24. Rc7 Rf7 25. Rc8 1/2-1/2

[Event "4NCL Online Division 4"]
[Site "online"]
[Date "2021.11.16"]
[EventDate "2021.11.16"]
[Round "7.123"]
[White "Rodrigo, Y Jan"]
[WhiteElo "1714"]
[WhiteTeam "Cornish Pirates"]
[Black "Graham, Neil"]
[BlackElo "1755"]
[BlackTeam "Ashfield Anonymous C"]
[Result "1-0"]
[PlyCount "75"]

1. d4 Nf6 2. Nc3 d5 3. Bf4 Bf5 4. f3 c6 5. g4 Bg6 6. h4 h5 7. g5 Nfd7 8. e3 e6 9. Bd3 Bxd3 10. cxd3 Bb4 11. Ne2 b5 12. Rc1 Qa5 13. Kf2 c5 14. dxc5 Bxc5 15. d4 Be7 16. a4 bxa4 17. Nxa4 O-O 18. b3 Na6 19. Qd3 g6 20. Rhd1 Rfc8 21. Nec3 Ba3 22. Ra1 Bb4 23. Nb5 Qd8 24. Rdc1 Be7 25. Bd6 Nb4 26. Qd2 Nc6 27. Bxe7 Nxe7 28. e4 dxe4 29. fxe4 Rxc1 30. Rxc1 Ne5 31. Kg2 Ng4 32. Qf4 Rc8 33. Nc5 Qa5 34. Nd6 Qa2+ 35. Kg1 Rf8 36. Nd7 Qb2 37. Nxf8 Qxd4+ 38. Kh1 1-0

[Event "4NCL Online Division 4"]
[Site "online"]
[Date "2021.11.16"]
[EventDate "2021.11.16"]
[Round "7.124"]
[White "Bentley, Alex"]
[WhiteElo "1726"]
[WhiteTeam "Ashfield Anonymous C"]
[Black "Kostadinov, Boris K"]
[BlackElo "1635"]
[BlackTeam "Cornish Pirates"]
[Result "1-0"]
[PlyCount "65"]

1. e4 c5 2. Nf3 d6 3. b4 cxb4 4. d4 Bg4 5. Bb5+ Nd7 6. O-O a6 7. Ba4 Nf6 8. Qd3 Bxf3 9. Qxf3 b5 10. Bb3 Qb6 11. e5 Rc8 12. exf6 Qxd4 13. fxg7 Qxg7 14. c3 bxc3 15. Bc2 Qf6 16. Qb7 Rb8 17. Qxa6 Bg7 18. Na3 b4 19. Nc4 O-O 20. Ne3 Nc5 21. Qc4 e6 22. Ng4 Qe7 23. Bh6 f5 24. Bxg7 Qxg7 25. Ne3 f4 26. Nf5 d5 27. Qxc5 Rxf5 28. Bxf5 exf5 29. Qxd5+ Qf7 30. Qxf7+ Kxf7 31. Rfc1 Ke6 32. Rab1 Kd5 33. Rxc3 1-0

[Event "4NCL Online Division 4"]
[Site "online"]
[Date "2021.11.16"]
[EventDate "2021.11.16"]
[Round "7.131"]
[White "Thackray, John"]
[WhiteElo "1929"]
[WhiteTeam "St Andrews White Cross"]
[Black "Pearce, Mark"]
[BlackElo "1750"]
[BlackTeam "Hackney Hungry"]
[Result "0-1"]
[PlyCount "82"]

1. c4 Nf6 2. d4 c5 3. d5 b5 4. e3 g6 5. b3 Bg7 6. Bb2 O-O 7. Nf3 d6 8. Bd3 bxc4 9. bxc4 Nbd7 10. O-O Rb8 11. Bc3 Nb6 12. Nbd2 Ba6 13. Qc2 Qd7 14. a4 Qc7 15. e4 Nbd7 16. Rfe1 Ng4 17. Bxg7 Kxg7 18. h3 Nge5 19. Qc3 f6 20. Nxe5 fxe5 21. Nf3 h6 22. Reb1 Rxb1+ 23. Rxb1 Rb8 24. Rxb8 Qxb8 25. Qa5 Qb6 26. Qc3 Qb4 27. Qxb4 cxb4 28. Nd2 Nc5 29. Bc2 Bc8 30. a5 Bd7 31. Kf1 Nb7 32. Nb3 Ba4 33. Ke1 Bxb3 34. Bxb3 Nxa5 35. Bc2 Nxc4 36. Kd1 a5 37. Kc1 Kf6 38. Kb1 Na3+ 39. Kb2 Nxc2 40. Kxc2 a4 41. Kb2 Kg5 0-1

[Event "4NCL Online Division 4"]
[Site "online"]
[Date "2021.11.16"]
[EventDate "2021.11.16"]
[Round "7.132"]
[White "Caceres de la Calle, Eduardo"]
[WhiteElo "1687"]
[WhiteTeam "Hackney Hungry"]
[Black "Clayton, Ashley"]
[BlackElo "1593"]
[BlackTeam "St Andrews White Cross"]
[Result "0-1"]
[PlyCount "74"]

1. c4 g6 2. Nc3 Bg7 3. g3 d6 4. Bg2 e5 5. e3 f5 6. Nge2 Ne7 7. O-O O-O 8. b4 Nbc6 9. b5 Nb4 10. d3 d5 11. a3 dxc4 12. axb4 cxd3 13. Qb3+ Kh8 14. Rd1 dxe2 15. Nxe2 Qe8 16. Nc3 Qf7 17. Qxf7 Rxf7 18. Bb2 Rf8 19. Nd5 Nxd5 20. Bxd5 Rb8 21. Rxa7 Bd7 22. Bxb7 Bxb5 23. Rd5 c6 24. Rd7 Rfd8 25. Rc7 Rd1+ 26. Kg2 Bf1+ 27. Kf3 e4+ 28. Kf4 Bxb2 29. Bxc6 Rdd8 30. Rxh7+ Kg8 31. Rh6 Rd6 32. b5 Bxb5 33. Bxb5 Rxb5 34. Ra8+ Kg7 35. Rhh8 Be5+ 36. Kg5 Bf6+ 37. Kf4 g5# 0-1

[Event "4NCL Online Division 4"]
[Site "online"]
[Date "2021.11.16"]
[EventDate "2021.11.16"]
[Round "7.133"]
[White "Triffitt, Bradley"]
[WhiteElo "1589"]
[WhiteTeam "St Andrews White Cross"]
[Black "Burgoyne, Peter A"]
[BlackElo "1665"]
[BlackTeam "Hackney Hungry"]
[Result "1-0"]
[PlyCount "79"]

1. d4 Nf6 2. c4 e6 3. Nf3 Bb4+ 4. Bd2 Bxd2+ 5. Nbxd2 d5 6. e3 O-O 7. Qc2 b6 8. Rc1 dxc4 9. Bxc4 Bb7 10. Bd3 Ba6 11. Bxa6 Nxa6 12. Ne5 c5 13. Qc4 Qc8 14. Qb5 Nc7 15. Qc6 Ncd5 16. Qa4 Qb7 17. dxc5 bxc5 18. Qb3 Qc7 19. Nd3 Rab8 20. Qc2 Nb4 21. Nxb4 Rxb4 22. O-O Rfb8 23. b3 Rc8 24. Nc4 Ng4 25. g3 h5 26. Qe2 g6 27. Rfd1 Ne5 28. Nxe5 Qxe5 29. Qa6 Rcb8 30. Qxa7 c4 31. bxc4 h4 32. Qd4 Qf5 33. Qf4 hxg3 34. hxg3 Qc5 35. Kg2 Rb2 36. Qd4 Qc6+ 37. e4 Rxa2 38. Rh1 Rxf2+ 39. Kxf2 Rb2+ 40. Qxb2 1-0

[Event "4NCL Online Division 4"]
[Site "online"]
[Date "2021.11.16"]
[EventDate "2021.11.16"]
[Round "7.134"]
[White "Ellis, Bryan Timothy"]
[WhiteElo "1128"]
[WhiteTeam "Hackney Hungry"]
[Black "Scott, Ian"]
[BlackElo "1594"]
[BlackTeam "St Andrews White Cross"]
[Result "0-1"]
[PlyCount "56"]

1. d4 Nf6 2. c4 c5 3. Nf3 g6 4. Nc3 Bg7 5. Bg5 O-O 6. e3 cxd4 7. Nxd4 Qa5 8. Bf4 Ne4 9. Qc2 Nxc3 10. bxc3 d6 11. Bd3 Na6 12. O-O Nc5 13. Rfc1 Qd8 14. Bg5 b6 15. a4 Bb7 16. Nb3 Nxb3 17. Qxb3 Qd7 18. Qc2 Qg4 19. Bf1 Qxg5 20. g3 Rfc8 21. Rab1 Rc5 22. Rb5 Rac8 23. Rcb1 Ba6 24. R5b4 Bxc4 25. Bxc4 Rxc4 26. Rb5 Qf6 27. Qa2 Rxc3 28. Kg2 Rc2 0-1

[Event "4NCL Online Division 4"]
[Site "online"]
[Date "2021.11.16"]
[EventDate "2021.11.16"]
[Round "7.141"]
[White "Bentley, John L"]
[WhiteElo "2146"]
[WhiteTeam "Ashton"]
[Black "Renegade, Richard"]
[BlackElo "1713"]
[BlackTeam "Crewe BOL"]
[Result "1-0"]
[PlyCount "39"]

1. d4 e6 2. c4 f5 3. g4 fxg4 4. e4 h5 5. h3 gxh3 6. Nxh3 Bb4+ 7. Nc3 Qh4 8. Bg2 Bxc3+ 9. bxc3 Nc6 10. Bg5 Qg4 11. Bf3 Nf6 12. Bxg4 hxg4 13. Bxf6 gxf6 14. Qxg4 Ne7 15. O-O-O b6 16. Nf4 Rg8 17. Qh5+ Kd8 18. Rdg1 Re8 19. Rg7 Ba6 20. Qxe8+ 1-0

[Event "4NCL Online Division 4"]
[Site "online"]
[Date "2021.11.16"]
[EventDate "2021.11.16"]
[Round "7.142"]
[White "Gardiner, Harry"]
[WhiteElo "1698"]
[WhiteTeam "Crewe BOL"]
[Black "McBeath, Joel"]
[BlackElo "1686"]
[BlackTeam "Ashton"]
[Result "0-1"]
[PlyCount "103"]

1. d4 Nf6 2. c4 e6 3. Nf3 b6 4. g3 Bb7 5. Bg2 Be7 6. O-O O-O 7. Nc3 Ne4 8. Qc2 Nxc3 9. Qxc3 d6 10. b3 Qe8 11. Bb2 f5 12. Nh4 Bxg2 13. Nxg2 Nd7 14. Qf3 Bf6 15. Rad1 a5 16. Qc6 Rc8 17. Rd2 e5 18. Ne3 Bg5 19. Rd3 exd4 20. Bxd4 Ne5 21. Qd5+ Kh8 22. Bxe5 Qxe5 23. f4 Qxd5 24. Rxd5 Bf6 25. Rxf5 Bd4 26. Rxf8+ Rxf8 27. Kf2 Re8 28. Kg2 Rxe3 29. Re1 g6 30. Kf1 Rc3 31. Rd1 c5 32. Rd2 Kg7 33. e4 Kf6 34. Ke2 g5 35. fxg5+ Kxg5 36. Kf1 Kf6 37. Kg2 Ke5 38. Re2 a4 39. bxa4 Rxc4 40. Kf3 Rxa4 41. Kg4 b5 42. Kh5 b4 43. Kh6 Ra7 44. h4 c4 45. g4 b3 46. axb3 cxb3 47. g5 b2 48. Re1 Ra1 49. Kxh7 Rxe1 50. g6 Kxe4 51. g7 Bxg7 52. Kxg7 0-1

[Event "4NCL Online Division 4"]
[Site "online"]
[Date "2021.11.16"]
[EventDate "2021.11.16"]
[Round "7.143"]
[White "Acharya, Kandara"]
[WhiteElo "1604"]
[WhiteTeam "Ashton"]
[Black "Nienaber, Kobus"]
[BlackElo "1535"]
[BlackTeam "Crewe BOL"]
[Result "1-0"]
[PlyCount "91"]

1. e4 d6 2. d4 Nf6 3. Nc3 c6 4. Nf3 Bg4 5. Be2 Nbd7 6. O-O Qb6 7. b3 e5 8. dxe5 dxe5 9. Bb2 Bc5 10. Na4 Qa5 11. Nxc5 Qxc5 12. h3 Bxf3 13. Bxf3 O-O 14. a4 Rfd8 15. Qe2 Qe7 16. Rfd1 c5 17. Bg4 Nxg4 18. Qxg4 Nf6 19. Qf5 Rxd1+ 20. Rxd1 Rd8 21. Rxd8+ Qxd8 22. Bxe5 Qd1+ 23. Kh2 Nd7 24. Bb2 Qd6+ 25. e5 Qe6 26. Qxe6 fxe6 27. Kg3 Kf7 28. Kf4 g6 29. Kg5 Kg7 30. f4 h6+ 31. Kg4 b6 32. Kf3 Nb8 33. Ke4 Nc6 34. Bc3 h5 35. Kd3 Ne7 36. Bd2 Nf5 37. c3 Nh4 38. g3 Nf5 39. g4 hxg4 40. hxg4 Nh6 41. g5 Nf5 42. Kc4 Ne7 43. a5 Nc8 44. Kb5 Kf7 45. axb6 axb6 46. Kc6 1-0

[Event "4NCL Online Division 4"]
[Site "online"]
[Date "2021.11.16"]
[EventDate "2021.11.16"]
[Round "7.144"]
[White "Price, David P"]
[WhiteElo "1546"]
[WhiteTeam "Crewe BOL"]
[Black "Mundy, Jack"]
[BlackElo "1544"]
[BlackTeam "Ashton"]
[Result "0-1"]
[PlyCount "144"]

1. d4 Nf6 2. Nf3 g6 3. Nbd2 Bg7 4. c3 d5 5. e3 O-O 6. Bd3 Nbd7 7. O-O c5 8. Re1 c4 9. Bc2 b6 10. e4 e6 11. e5 Ne8 12. Nf1 f6 13. exf6 Ndxf6 14. Ne5 Nd6 15. Ng3 Bb7 16. Bg5 Qc7 17. f3 Rae8 18. Qd2 Nf7 19. Bf4 Nxe5 20. Bxe5 Qc6 21. Qg5 Nd7 22. Bxg7 Kxg7 23. h4 e5 24. dxe5 d4 25. Be4 Qc5 26. Bxb7 dxc3+ 27. Qe3 Qxe3+ 28. Rxe3 cxb2 29. Rb1 Nxe5 30. Rxb2 Nd3 31. Rxe8 Rxe8 32. Re2 Rd8 33. Ne4 a5 34. Ba6 Rd4 35. Rc2 Nb4 36. Rxc4 Rd1+ 37. Kf2 Nxa6 38. Ke2 Rd5 39. Rc6 Rb5 40. Nd6 Rb2+ 41. Ke3 Nb4 42. Rc7+ Kf6 43. Ne4+ Ke6 44. Rxh7 Rxg2 45. Ng5+ Kd6 46. Rh6 Nd5+ 47. Kd3 Ne7 48. Rh8 Rxa2 49. Ne4+ Kc6 50. Re8 Kd7 51. Rb8 Ra3+ 52. Ke2 Nd5 53. Rg8 b5 54. Kf2 Ne7 55. Rb8 b4 56. Rb7+ Ke6 57. Ke2 Nf5 58. Rb6+ Ke5 59. Nd2 Kd4 60. Rxg6 Ra2 61. Rg4+ Kc3 62. Rc4+ Kb2 63. Kd3 b3 64. h5 a4 65. Rc5 Nh6 66. f4 Ra1 67. Nc4+ Kb1 68. Nd2+ Kb2 69. f5 Rc1 70. Nc4+ Rxc4 71. Rxc4 a3 72. Rb4 a2 0-1

[Event "4NCL Online Division 4"]
[Site "online"]
[Date "2021.11.16"]
[EventDate "2021.11.16"]
[Round "7.151"]
[White "Lockett, Daniel"]
[WhiteElo "1694"]
[WhiteTeam "Shropshire and Friends 5"]
[Black "Trudeau, Gary"]
[BlackElo "1745"]
[BlackTeam "Calstock Killers"]
[Result "1/2-1/2"]
[PlyCount "57"]

1. e4 Nc6 2. Nf3 e5 3. Bb5 a6 4. Bxc6 dxc6 5. O-O Bg4 6. h3 h5 7. d3 Qf6 8. Be3 Bxf3 9. Qxf3 Qxf3 10. gxf3 Bd6 11. Nd2 Ne7 12. Nc4 Ng6 13. Kh1 Nh4 14. f4 exf4 15. Nxd6+ cxd6 16. Bxf4 Kd7 17. Rg1 Ng6 18. Be3 Rh7 19. f4 Re8 20. Raf1 Re7 21. Bd4 c5 22. Bxg7 Rxg7 23. f5 Rg8 24. fxg6 fxg6 25. Rf6 Re6 26. Rf7+ Re7 27. Rf6 Re6 28. Rf7+ Re7 29. Rf6 1/2-1/2

[Event "4NCL Online Division 4"]
[Site "online"]
[Date "2021.11.16"]
[EventDate "2021.11.16"]
[Round "7.152"]
[White "Hill, Michael"]
[WhiteElo "1701"]
[WhiteTeam "Calstock Killers"]
[Black "Bailey, Adrian"]
[BlackElo "1678"]
[BlackTeam "Shropshire and Friends 5"]
[Result "0-1"]
[PlyCount "76"]

1. Nf3 Nf6 2. c4 g6 3. d4 Bg7 4. e3 d5 5. Nc3 O-O 6. b3 c5 7. Bb2 cxd4 8. Nxd4 e5 9. Nf3 e4 10. Nd4 Nc6 11. Nxc6 bxc6 12. cxd5 cxd5 13. Nb5 Ba6 14. Qd2 Rb8 15. Nd4 Qb6 16. Be2 Bxe2 17. Nxe2 a5 18. O-O a4 19. Bd4 Qb5 20. bxa4 Qxa4 21. Nf4 Rfd8 22. g3 g5 23. Ng2 Ng4 24. Bxg7 Kxg7 25. h3 Ne5 26. Ne1 Rbc8 27. Kg2 Nf3 28. Qb2+ Kg6 29. Nxf3 exf3+ 30. Kxf3 Qe4+ 31. Ke2 Rc2+ 32. Qxc2 Qxc2+ 33. Kf3 Qe4+ 34. Ke2 Rb8 35. Rfd1 Rb2+ 36. Rd2 Rxd2+ 37. Kxd2 Qb4+ 38. Ke2 Qb2+ 0-1

[Event "4NCL Online Division 4"]
[Site "online"]
[Date "2021.11.16"]
[EventDate "2021.11.16"]
[Round "7.153"]
[White "Cox, Paul"]
[WhiteElo "1659"]
[WhiteTeam "Shropshire and Friends 5"]
[Black "Kirkman, Nigel J"]
[BlackElo "1692"]
[BlackTeam "Calstock Killers"]
[Result "1-0"]
[PlyCount "81"]

1. c4 f5 2. d4 Nf6 3. Nc3 e6 4. Nf3 Be7 5. g3 O-O 6. Bg2 d6 7. O-O a5 8. b3 Ne4 9. Bb2 Nxc3 10. Bxc3 Qe8 11. Qd2 b6 12. Ng5 c6 13. d5 cxd5 14. cxd5 Bxg5 15. Qxg5 e5 16. f4 h6 17. Qh4 e4 18. e3 Ba6 19. Rf2 Qf7 20. Rd1 Bd3 21. g4 Qxd5 22. Rfd2 Qf7 23. Rxd3 exd3 24. Bxa8 Nd7 25. Bf3 Nc5 26. gxf5 Qxf5 27. Qg4 Qxg4+ 28. Bxg4 g6 29. Bd4 h5 30. Bh3 Re8 31. Bxc5 dxc5 32. Rxd3 b5 33. Bd7 Rb8 34. Rd5 c4 35. Rxb5 Rd8 36. Be6+ Kg7 37. Bxc4 Rd1+ 38. Kg2 Rd2+ 39. Kg3 Rxa2 40. Rb7+ Kf6 41. Rf7# 1-0

[Event "4NCL Online Division 4"]
[Site "online"]
[Date "2021.11.16"]
[EventDate "2021.11.16"]
[Round "7.154"]
[White "Young, Andy"]
[WhiteElo "1504"]
[WhiteTeam "Calstock Killers"]
[Black "Love, Phil"]
[BlackElo "1599"]
[BlackTeam "Shropshire and Friends 5"]
[Result "0-1"]
[PlyCount "74"]

1. e4 e5 2. f4 d5 3. exd5 exf4 4. Nf3 Nf6 5. Bc4 Nxd5 6. O-O Be7 7. d3 c6 8. Bd2 Bf6 9. c3 O-O 10. Bxd5 Qxd5 11. Bxf4 Nd7 12. d4 b6 13. Qe1 Bb7 14. Qg3 Rfe8 15. Bh6 Kh8 16. Bg5 c5 17. dxc5 Nxc5 18. Bxf6 gxf6 19. Nbd2 Rg8 20. Qf4 Rg6 21. c4 Qc6 22. b4 Ne6 23. Qe3 Rag8 24. Rf2 Ng5 25. Nd4 Qd7 26. Nf5 Re8 27. Qc3 Qc6 28. b5 Qc5 29. Kf1 Re5 30. Nh4 Rh6 31. Nhf3 Rf5 32. h3 Bxf3 33. gxf3 Rxh3 34. Kg2 Ne6 35. Ne4 Nf4+ 36. Kg1 Rg5+ 37. Kf1 Rh1# 0-1

[Event "4NCL Online Division 4"]
[Site "online"]
[Date "2021.11.16"]
[EventDate "2021.11.16"]
[Round "7.161"]
[White "Angelopoulos, Andreas"]
[WhiteElo "1477"]
[WhiteTeam "Barnet Knights C"]
[Black "Smith, Ryan S"]
[BlackElo "1952"]
[BlackTeam "Brentwood Juniors"]
[Result "0-1"]
[PlyCount "90"]

1. d4 d6 2. c4 f5 3. Nf3 Nf6 4. g3 g6 5. Bg2 Bg7 6. O-O O-O 7. Nc3 c6 8. Bg5 Ne4 9. Nxe4 fxe4 10. Ne1 d5 11. Qd2 Nd7 12. Nc2 Nf6 13. Bh6 Qd6 14. Bxg7 Kxg7 15. Ne3 e5 16. cxd5 cxd5 17. Rfd1 Be6 18. Nc2 Ng4 19. f3 exf3 20. exf3 Nh6 21. dxe5 Qxe5 22. Nd4 Bd7 23. f4 Qd6 24. Nf3 Bc6 25. Re1 Rae8 26. Ne5 Qc5+ 27. Qf2 Qxf2+ 28. Kxf2 Rxe5 29. Rxe5 Ng4+ 30. Kg1 Nxe5 31. fxe5 Rf5 32. Re1 Kf8 33. Bh3 Rf7 34. e6 Rf6 35. g4 Ke7 36. g5 Rf4 37. a3 d4 38. Bg2 Rg4 39. Re2 Rxg5 40. Kf1 Rxg2 41. Rxg2 Bxg2+ 42. Kxg2 Kxe6 43. Kf3 Kf5 44. b3 g5 45. h3 h5 0-1

[Event "4NCL Online Division 4"]
[Site "online"]
[Date "2021.11.16"]
[EventDate "2021.11.16"]
[Round "7.162"]
[White "Hughes, Gavin James"]
[WhiteElo "1888"]
[WhiteTeam "Brentwood Juniors"]
[Black "Zholnin, Ivan"]
[BlackElo "1265"]
[BlackTeam "Barnet Knights C"]
[Result "0-1"]
[PlyCount "64"]

1. e4 e5 2. Nf3 Nc6 3. d4 exd4 4. Bc4 Nf6 5. e5 Ne4 6. O-O Be7 7. Re1 d5 8. Bb5 O-O 9. Nbd2 Bf5 10. Bxc6 bxc6 11. Nxd4 Bg6 12. Nxc6 Qd7 13. Nxe7+ Qxe7 14. Qf3 Qxe5 15. c3 Qd6 16. Nb3 c5 17. Bf4 Qd7 18. Rad1 a5 19. Be3 Rfc8 20. Nd2 Nf6 21. Nf1 Bh5 22. Qg3 Bxd1 23. Rxd1 Ne4 24. Qe5 Rd8 25. f3 Nf6 26. Bxc5 Qa4 27. Ne3 Qxa2 28. Bd4 Re8 29. Qg5 Re6 30. Nf5 Ne8 31. Rd2 Qb1+ 32. Kf2 Qe1# 0-1

[Event "4NCL Online Division 4"]
[Site "online"]
[Date "2021.11.16"]
[EventDate "2021.11.16"]
[Round "7.163"]
[White "Malus, Sean"]
[WhiteElo "1200"]
[WhiteTeam "Barnet Knights C"]
[Black "Pert, Nina"]
[BlackElo "1871"]
[BlackTeam "Brentwood Juniors"]
[Result "0-1"]
[PlyCount "46"]

1. e4 c6 2. Nf3 d5 3. Nc3 dxe4 4. Nxe4 Nf6 5. Bd3 Bg4 6. Neg5 e6 7. h3 Bh5 8. Qe2 Nbd7 9. Nxe6 fxe6 10. Qxe6+ Qe7 11. Qxe7+ Bxe7 12. Ng5 Nc5 13. Bc4 O-O-O 14. Nf7 Bxf7 15. Bxf7 Rhf8 16. Bc4 Nfe4 17. O-O Nxd2 18. Bxd2 Rxd2 19. Rfe1 Bh4 20. Rf1 Rfxf2 21. Rae1 Rxg2+ 22. Kh1 Rh2+ 23. Kg1 Rdg2# 0-1

[Event "4NCL Online Division 4"]
[Site "online"]
[Date "2021.11.16"]
[EventDate "2021.11.16"]
[Round "7.164"]
[White "Willoughby, Christopher"]
[WhiteElo "1683"]
[WhiteTeam "Brentwood Juniors"]
[Black "Sanfey, Peter"]
[BlackElo "1219"]
[BlackTeam "Barnet Knights C"]
[Result "1-0"]
[PlyCount "57"]

1. e4 d6 2. d4 Nf6 3. Nc3 g6 4. Nf3 Bg7 5. Be2 O-O 6. O-O b6 7. e5 Nfd7 8. Bf4 Bb7 9. Re1 Nc6 10. Bc4 Na5 11. Bd5 Bxd5 12. Nxd5 e6 13. Nc3 f6 14. exd6 e5 15. dxe5 fxe5 16. Bg5 Bf6 17. Bh6 Re8 18. dxc7 Qxc7 19. Nd5 Qb7 20. Nxf6+ Nxf6 21. Nxe5 Rad8 22. Qf3 Qe7 23. Bg5 Rf8 24. Nxg6 Qg7 25. Nxf8 Rxf8 26. Bxf6 Rxf6 27. Qd5+ Kf8 28. Qd8+ Kf7 29. Qe8# 1-0

[Event "4NCL Online Division 5"]
[Site "online"]
[Date "2021.08.24"]
[EventDate "2021.08.24"]
[Round "1.11"]
[White "Kosznik, Dariusz"]
[WhiteElo "1867"]
[WhiteTeam "Dundee City C"]
[Black "Cook, Philip"]
[BlackElo "2149"]
[BlackTeam "Hebden Bridge 1"]
[Result "1-0"]
[PlyCount "131"]

1. e4 d5 2. exd5 Qxd5 3. Nc3 Qd8 4. Nf3 Nf6 5. d4 Bg4 6. Be3 c6 7. Bd3 e6 8. h3 Bxf3 9. Qxf3 Bb4 10. O-O Nbd7 11. Rad1 Qa5 12. Bd2 O-O-O 13. a3 Bxc3 14. Bxc3 Qd5 15. Qe2 Qh5 16. Qe1 g5 17. Be2 Qh4 18. f4 Nd5 19. Qxh4 gxh4 20. Bd2 N7f6 21. Rf3 Ne7 22. Be1 Nf5 23. c3 Ne4 24. Bd3 Neg3 25. a4 h6 26. b4 Kc7 27. Bf2 Rhg8 28. a5 Rd7 29. b5 Ne7 30. b6+ axb6 31. axb6+ Kxb6 32. d5+ Kc7 33. dxc6 Nxc6 34. Rb1 Rgd8 35. Bb6+ Kc8 36. Bxd8 Kxd8 37. Re1 Ne7 38. Bb5 Rd2 39. Rd3+ Rxd3 40. Bxd3 Nd5 41. f5 Nf4 42. Bc2 Nge2+ 43. Kf2 Nxc3 44. fxe6 fxe6 45. Kf3 Ncd5 46. Re4 Ke7 47. Rxf4 Nxf4 48. Kxf4 Kf6 49. Kg4 b5 50. Kxh4 e5 51. Be4 b4 52. Kh5 Kg7 53. h4 b3 54. g3 b2 55. g4 Kh8 56. Kxh6 Kg8 57. Kg6 Kh8 58. h5 Kg8 59. g5 Kh8 60. h6 Kg8 61. Kf6 Kh8 62. g6 Kg8 63. Bd5+ Kh8 64. g7+ Kh7 65. g8=Q+ Kxh6 66. Qg6# 1-0

[Event "4NCL Online Division 5"]
[Site "online"]
[Date "2021.08.24"]
[EventDate "2021.08.24"]
[Round "1.12"]
[White "Eagleton, Greg T"]
[WhiteElo "2065"]
[WhiteTeam "Hebden Bridge 1"]
[Black "Anderson, James"]
[BlackElo "1630"]
[BlackTeam "Dundee City C"]
[Result "1-0"]
[PlyCount "39"]

1. d4 Nf6 2. c4 d5 3. Nc3 Bf5 4. Nf3 e6 5. Bg5 Be7 6. e3 O-O 7. Bxf6 Bxf6 8. cxd5 exd5 9. Qb3 b6 10. Qxd5 Qxd5 11. Nxd5 Bd8 12. Be2 Be4 13. Nc3 Bb7 14. O-O Bf6 15. Rac1 Rd8 16. Nb5 Na6 17. Nxc7 Nxc7 18. Rxc7 Bd5 19. a3 Be7 20. Rxe7 1-0

[Event "4NCL Online Division 5"]
[Site "online"]
[Date "2021.08.24"]
[EventDate "2021.08.24"]
[Round "1.13"]
[White "Flood, Raymond"]
[WhiteElo "1623"]
[WhiteTeam "Dundee City C"]
[Black "Clarkson, Andrew"]
[BlackElo "2051"]
[BlackTeam "Hebden Bridge 1"]
[Result "0-1"]
[PlyCount "58"]

1. e4 d6 2. d4 Nf6 3. Nc3 g6 4. Nf3 Bg7 5. Be2 O-O 6. O-O Bg4 7. Be3 Nc6 8. Qd2 e5 9. d5 Ne7 10. Ne1 Bxe2 11. Qxe2 Nh5 12. f3 f5 13. Bg5 h6 14. Bxe7 Qxe7 15. Nd3 f4 16. Nf2 g5 17. Ng4 Nf6 18. Nxf6+ Bxf6 19. h3 h5 20. Nb1 Kf7 21. Nd2 Rh8 22. c4 Rag8 23. b4 g4 24. hxg4 Bh4 25. Rfc1 Bg3 26. c5 hxg4 27. cxd6 cxd6 28. Nf1 Qh4 29. Nxg3 fxg3 0-1